Current NHL Captains - Statistics

General Stats
  • This quiz has been taken 55 times
  • The average score is 20 of 32
Answer Stats
Hint Answer % Correct
Pittsburgh Penguins Sidney Crosby
95%
Edmonton Oilers Connor McDavid
93%
Washington Capitals Alex Ovechkin
90%
Boston Bruins Brad Marchand
88%
Vancouver Canucks Quinn Hughes
88%
Florida Panthers Aleksander Barkov
80%
Dallas Stars Jamie Benn
80%
Los Angeles Kings Anze Kopitar
78%
Tampa Bay Lightning Steven Stamkos
78%
Colorado Avalanche Gabriel Landeskog
75%
Toronto Maple Leafs John Tavares
75%
Nashville Predators Roman Josi
75%
Ottawa Senators Brady Tkachuk
73%
Montreal Canadiens Nick Suzuki
73%
New York Rangers Jacob Trouba
70%
Vegas Golden Knights Mark Stone
70%
Detroit Red Wings Dylan Larkin
68%
New Jersey Devils Nico Hischier
63%
Winnipeg Jets Adam Lowry
58%
Carolina Hurricanes Jordan Staal
58%
New York Islanders Anders Lee
53%
St. Louis Blues Brayden Schenn
50%
Buffalo Sabres Kyle Okposo
50%
Minnesota Wild Jared Spurgeon
48%
San Jose Sharks Logan Couture
48%
Columbus Blue Jackets Boone Jenner
45%
Calgary Flames Mikeal Backlund
40%
Anaheim Ducks No captain
38%
Arizona Coyotes No captain
38%
Chicago Blackhawks No captain
38%
Philadelphia Flyers No captain
38%
Seattle Kraken No captain
38%
No matching quizzes found
Score Distribution
Percent of People with Each Score
Percentile by Number Answered
Your Score History
You have not taken this quiz